Регионална библиотека "Любен Каравелов" - Русе

Граматика на немския език (Запис номер 104657)

MARC детайли
000 -Лидер
Контролно поле с фиксирана дължина 01586nam a2200361 c 4500
003 - Код на организацията, давaща контролен номер
Контролно поле BLK
005 - Дата и час на последна редакция
Контролно поле 20211117164745.0
008 - Елементи от данни с фиксирана дължина
fixed length control field 180409b bul|||||r ||||||| ||bul||
010 ## - Наследен системен номер
LC control number KNG00109767000
020 ## - Международен стандартен номер на книга ISBN
Международен стандартен номер на книга ISBN 954-8945-61-4
-- издат.: Изток-Запад
040 ## - Източник на каталожния запис
Идентификатор на билиотеката - собственик на записа BLK
041 ## - Код за език
Код за езика на текст/звукозапис или на отделно заглавие Немски
Код за езика КДБФ Немски
080 ## - УДК
Текстов определител УДК Немски език (високонемски, стандартен писмен)
УДК код - определител по УДК 811.112.2
УДК определител -5
УДК - код + определител 811.112.2-5
100 1# - Редна дума - Автор
Автор Теодоров, Евгений Константинов
Авторска отговорност първи автор
R(LIN) 281770
139 ## - Редно поле
Редна дума Теодоров, Евгений Константинов
Авторски знак Тео - Т 49
245 10 - Сведения за заглавието
Заглавие Граматика на немския език
Подзаглавни данни С новия правопис
Редно поле (дума) Евгений Константинов Теодоров; прераб. Й. Беслимова-Чакърова.
257 ## - Страна на издаване
Страна на създаване/издаване България
260 ## - Област на издателските данни
-- София
Име на издателя, разпространителя и проч. Изток-Запад
Година на издаване 2003
300 ## - Физическа характеристика
Страници 396 с.
Илюстрации и др. с табл.
Размери/Мащаб 22 см
380 ## - Жанр
Жанр Езикознание. Филология
500 ## - Общи забележки
Забележка Офс. изд. - Съдържа и Основна форма на неправилните глаголи. - Библиогр. с. 393-395.
504 ## - Забележка за наличие на библиография и др
Забележка за наличие на библиография и под. 393-395
650 #4 - Допълнително описание по предмет – тема
Основно описание – тема или топоним Немски език - граматика - учебни помагала
9 (RLIN) 247362
653 ## - Ключова дума – ненормативна
Ключова дума немски език
653 ## - Ключова дума – ненормативна
Ключова дума граматика
653 ## - Ключова дума – ненормативна
Ключова дума учебни помагала
700 1# - Други автори (авторска отговорност)
Лично име Беслимова-Чакърова, Й.
Автороска отговорност (Описва отношението между автора и произведението) прераб.
9 (RLIN) 38757
852 ## - Местоположение
Форматна сигнатура Цб 217236
856 4# - Електронен адрес и достъп
Електронен формат pdf - файл
Път до файла /url/
856 4# - Електронен адрес и достъп
Електронен формат pdf - файл
Път до файла /url/
942 ## - АРТИКУЛИ
Вид на библиотечния материал Книги
Скрит в OPAC Не
Koha issues (borrowed), all copies 6
944 ## - СЪЗДАВАНЕ И РЕДАКЦИЯ на ЗАПИСА
Създаване/Редакция Създаване
Дата на регистрацията/редакция 17.12.2003
Служител, извършил регистрацията/редакцията Теодора_Стоянова
944 ## - СЪЗДАВАНЕ И РЕДАКЦИЯ на ЗАПИСА
Създаване/Редакция Редакция
Дата на регистрацията/редакция 26.03.2014
Служител, извършил регистрацията/редакцията
999 ## - СИСТЕМНИ КОНТРОЛНИ НОМЕРА
Koha biblionumber 104657
Koha biblioitemnumber 104657
Наличности
Код за отписване Код за изгубен артикул Код за повреда Коз за рестрикции Код за отдаване Артикулен № Име на библиотеката - собственик Име на библиотеката, в която се намира в момента Статус (Текущо местоположение) Дата на вписване в системата Местоположение - отдел Цена в лева Инвентарен номер Систематично азбучна сигнатура Баркод Номер на екземпляра Цена в евро Служебна бележка Служебен тип на артикула
  Не е изгубен Не е повреден без рестрикции заемане за дома 169102 Регионална библиотека "Любен Каравелов" Русе Регионална библиотека "Любен Каравелов" Русе ЧЧЗО - англ. ез. - Британски съвет 2003-12-17 ЧЧЗО - англ. ез. - Британски съвет 12.00 120000681117 Ч3 803.0-5/ Т 49 120000681117 1 6.14 Дост: Pk Вид: Ф N: 43 Дата: 17.12.2003 Дата инв: 19.03.2015 Бележки инв: Ч32015 Книги
  Не е изгубен Не е повреден без рестрикции ползва се в читалня 169103 Регионална библиотека "Любен Каравелов" Русе Регионална библиотека "Любен Каравелов" Русе Хранилище 2007-03-26 Хранилище 12.00 120000711664 Цб 217236 120000711664 2 6.14 Дост: Dp Вид: Д N: 33 Дата: 19.07.2006 Книги
Vip Innovations Ltd, Rousse, Bulgaria 2025